[Event "Titled Tuesday intern op 16th Jan Early"]
[Site "Chess.com INT"]
[Date "2024.01.16"]
[Round "7"]
[White "Martinez Alcantara, Jose Eduardo"]
[Black "Nguyen, Ngoc Truong Son"]
[Result "1-0"]
[WhiteElo "2610"]
[BlackElo "2633"]
[PlyCount "117"]
[EventDate "2024.01.16"]
[EventType "swiss (blitz)"]
[EventRounds "11"]
[EventCountry "USA"]
[SourceTitle "CB04_2024"]
[SourceDate "2023.10.16"]
[SourceVersion "1"]
[SourceVersionDate "2023.10.16"]
[SourceQuality "1"]

1. e4 c5 2. Nf3 Nc6 3. c3 d5 4. exd5 Qxd5 5. d4 Nf6 6. Be3 cxd4 7. cxd4 g6 8. Nc3 Qd8 9. d5 Nb8 10. h3 Bg7 11. Bc4 0-0 12. 0-0 Ne8 13. Re1 Nd6 14. Bb3 Nd7 15. Qe2 Re8 16. Bg5 Nf6 17. Ne5 Bd7 18. Rad1 a6 19. Qf3 Rc8 20. Bf4 Bb5 21. g4 Bc4 22. Nxc4 Nxc4 23. Re2 Nd7 24. Rde1 b5 25. d6 e6 26. Bxc4 Rxc4 27. Ne4 Qa8 28. b3 Rc6 29. Bg3 h6 30. h4 Rcc8 31. g5 h5 32. Kg2 Qd5 33. Rd2 Qf5 34. Red1 Qxf3+ 35. Kxf3 Rc6 36. Kg2 Rec8 37. b4 Kf8 38. Nc5 Rxc5 39. bxc5 Rxc5 40. f3 Ke8 41. Rb1 Bc3 42. Rd3 b4 43. Be1 Bxe1 44. Rxe1 Rc2+ 45. Kg3 Nc5 46. Rd4 Kd7 47. Rxb4 Kxd6 48. Rd1+ Kc6 49. Rf4 Rxa2 50. Rxf7 a5 51. Rf6 a4 52. Rxg6 a3 53. Rg8 Kb7 54. g6 Rb2 55. g7 a2 56. Rgd8 Rb1 57. g8Q a1Q 58. Rb8+ Kc6 59. Qc8# 1-0

[Event "Titled Tuesday intern op 16th Jan Early"]
[Site "Chess.com INT"]
[Date "2024.01.16"]
[Round "4"]
[White "Vakhlamov, Igor L"]
[Black "Nguyen, Ngoc Truong Son"]
[Result "0-1"]
[WhiteElo "2413"]
[BlackElo "2633"]
[PlyCount "86"]
[EventDate "2024.01.16"]
[EventType "swiss (blitz)"]
[EventRounds "11"]
[EventCountry "USA"]
[SourceTitle "CB04_2024"]
[SourceDate "2023.10.16"]
[SourceVersion "1"]
[SourceVersionDate "2023.10.16"]
[SourceQuality "1"]

1. e4 c5 2. Nf3 Nc6 3. Nc3 e5 4. Bc4 d6 5. d3 Be7 6. 0-0 Nf6 7. h3 h6 8. Nh2 g5 9. Nd5 Nxd5 10. Bxd5 h5 11. c3 Be6 12. Bxe6 fxe6 13. Be3 Qd7 14. Rb1 0-0-0 15. b4 cxb4 16. cxb4 Kb8 17. b5 Nd4 18. Nf3 Bf6 19. Nxg5 h4 20. Bxd4 Bxg5 21. Be3 Rhg8 22. b6 Qg7 23. bxa7+ Ka8 24. Qg4 Qf6 25. Qe2 Rd7 26. Bxg5 Rxg5 27. f3 Rdg7 28. Rf2 Qf4 29. Rb2 Qc1+ 30. Qf1 Qc5 31. Kh1 Rc7 32. Qd1 Rgg7 33. Rfc2 Qe3 34. Qb1 Kxa7 35. Rxc7 Rxc7 36. Kh2 Qf4+ 37. Kg1 Rc1+ 38. Kf2 Qg3+ 39. Ke3 Qe1+ 40. Re2 Qg1+ 41. Rf2 Rxb1 42. f4 Rb2 43. d4 Qxf2+ 0-1

[Event "Titled Tuesday intern op 12th Dec Early"]
[Site "Chess.com INT"]
[Date "2023.12.12"]
[Round "7"]
[White "Dragun, Kamil"]
[Black "Nguyen, Ngoc Truong Son"]
[Result "0-1"]
[WhiteElo "2553"]
[BlackElo "2633"]
[PlyCount "108"]
[EventDate "2023.12.12"]
[EventType "swiss (blitz)"]
[EventRounds "11"]
[EventCountry "USA"]
[SourceTitle "CB51_2023"]
[SourceDate "2023.12.20"]
[SourceVersion "1"]
[SourceVersionDate "2023.12.20"]
[SourceQuality "1"]

1. d4 d5 2. c4 c6 3. Nc3 Nf6 4. e3 e6 5. Nf3 Nbd7 6. Be2 Bd6 7. 0-0 0-0 8. b3 Qe7 9. Bb2 b6 10. Re1 Bb7 11. Rc1 Rac8 12. Bd3 c5 13. cxd5 exd5 14. Bf5 g6 15. Bh3 Rcd8 16. Qc2 Ne4 17. Nxe4 dxe4 18. Nd2 f5 19. Nc4 Bb8 20. dxc5 bxc5 21. Qc3 Nf6 22. Red1 Kf7 23. g3 Rd3 24. Rxd3 exd3 25. Qxd3 Qe4 26. Qxe4 Nxe4 27. Bg2 Rd8 28. Bf3 Ke6 29. Rd1 Rxd1+ 30. Bxd1 Bd5 31. Be2 g5 32. f3 Nd6 33. Nxd6 Bxd6 34. Bc4 h5 35. Kf2 g4 36. e4 fxe4 37. fxe4 Bxc4 38. bxc4 Be7 39. Ke2 a6 40. Bc1 Ke5 41. Kd3 Ke6 42. Bf4 Bf8 43. Kc3 Bg7+ 44. Kb3 Bd4 45. Ka4 Bg1 46. Ka5 Bxh2 47. Kxa6 h4 48. Kb7 Bxg3 49. Be3 h3 50. Bg1 h2 51. Bxh2 Bxh2 52. a4 g3 53. a5 g2 54. a6 g1Q 0-1

[Event "Asian Games"]
[Site "Hangzhou"]
[Date "2023.09.27"]
[Round "8"]
[White "Tabatabaei, Mohammad Amin"]
[Black "Nguyen, Ngoc Truong Son"]
[Result "1/2-1/2"]
[WhiteElo "2685"]
[BlackElo "2635"]
[PlyCount "168"]
[EventDate "2023.09.24"]
[EventType "swiss (rapid)"]
[EventRounds "9"]
[EventCountry "CHN"]
[SourceTitle "EXT 2024"]
[Source "ChessBase"]
[SourceDate "2023.10.10"]
[SourceVersion "1"]
[SourceVersionDate "2023.10.10"]
[SourceQuality "1"]

1. c4 e6 2. Nc3 d5 3. d4 c5 4. cxd5 exd5 5. Nf3 Nc6 6. g3 Nf6 7. a3 cxd4 8. Nxd4 Bc5 9. Be3 Bb6 10. Na4 Ng4 11. Nxb6 Nxe3 12. Qd3 axb6 13. Qxe3+ Qe7 14. Qd2 0-0 15. Bg2 Ra4 16. Nb5 Qc5 17. Qxd5 Qc2 18. Qd1 Rc4 19. Nd6 Rd8 20. 0-0 Be6 21. Qxc2 Rxc2 22. Nxb7 Rd7 23. Rac1 Rxc1 24. Rxc1 Ne7 25. b4 g6 26. a4 Rd4 27. Rb1 Nd5 28. a5 Nc3 29. Ra1 Rxb4 30. a6 Ba2 31. Nd6 Ra4 32. Bb7 b5 33. Nxb5 Nxb5 34. Bc6 Rxa6 35. Bxb5 Rb6 36. Bd3 Be6 37. f4 Kg7 38. Kf2 Rd6 39. Ra5 Rb6 40. Kf3 h5 41. f5 Bxf5 42. Bxf5 gxf5 43. Rxf5 Kg6 44. Ra5 Rf6+ 45. Kg2 Re6 46. Ra2 h4 47. g4 Re3 48. Rd2 f5 49. Kf2 Rh3 50. gxf5+ Kxf5 51. Kg2 Re3 52. Ra2 Kg5 53. Ra5+ Kg6 54. Ra2 Kg5 55. Kf1 Rh3 56. Kg1 Re3 57. Rd2 Kg6 58. Kf1 Rh3 59. Kg1 Re3 60. Rc2 Kg5 61. Rb2 Kg6 62. Kf1 Rh3 63. Kg2 Re3 64. Ra2 Kg5 65. Rd2 Kg6 66. Kg1 Kg5 67. Rc2 Kg6 68. Kf1 Rh3 69. Rc6+ Kg5 70. Rc5+ Kg6 71. Kg1 Re3 72. Rc2 Kg5 73. Kg2 Kg6 74. Kf1 Rh3 75. e4 Kf6 76. Re2 Ke5 77. Kg2 Rd3 78. Kf2 Rh3 79. Kg1 Rd3 80. Kg2 Rc3 81. h3 Rg3+ 82. Kh2 Rf3 83. Ra2 Rf4 84. Kg2 Kxe4 1/2-1/2

[Event "Asian Games"]
[Site "Hangzhou"]
[Date "2023.09.25"]
[Round "3"]
[White "Erigaisi, Arjun Kumar"]
[Black "Nguyen, Ngoc Truong Son"]
[Result "1-0"]
[WhiteElo "2712"]
[BlackElo "2635"]
[PlyCount "71"]
[EventDate "2023.09.24"]
[EventType "swiss (rapid)"]
[EventRounds "9"]
[EventCountry "CHN"]
[SourceTitle "EXT 2024"]
[Source "ChessBase"]
[SourceDate "2023.10.10"]
[SourceVersion "1"]
[SourceVersionDate "2023.10.10"]
[SourceQuality "1"]

1. d4 d5 2. Nf3 Nf6 3. Bf4 e6 4. e3 Bd6 5. Ne5 Nfd7 6. Nd2 Nc6 7. Bb5 Ncxe5 8. dxe5 c6 9. exd6 cxb5 10. Qe2 e5 11. Bg3 Qb6 12. e4 d4 13. f4 Qxd6 14. fxe5 Qb6 15. a4 Nc5 16. Qxb5+ Bd7 17. Qxb6 axb6 18. b3 Bc6 19. Bf2 Nxe4 20. Bxd4 Rd8 21. Nf3 Nc5 22. 0-0-0 0-0 23. Kb2 Rc8 24. Rhe1 Rfe8 25. Bf2 h6 26. Rd6 Nd7 27. e6 Rxe6 28. Rexe6 fxe6 29. Nd4 Nb8 30. Nxc6 Nxc6 31. Rxe6 Nb4 32. Re2 Rc6 33. Rd2 Na6 34. Rd8+ Kh7 35. Rd7 Nc7 36. Bxb6 1-0

[Event "Titled Tuesday intern op 29th Aug Early"]
[Site "Chess.com INT"]
[Date "2023.08.29"]
[Round "10"]
[White "Ashraf, Artin"]
[Black "Nguyen, Ngoc Truong Son"]
[Result "1-0"]
[WhiteElo "2352"]
[BlackElo "2641"]
[PlyCount "65"]
[EventDate "2023.08.29"]
[EventType "swiss (blitz)"]
[EventRounds "11"]
[EventCountry "USA"]
[SourceTitle "EXT 2024"]
[Source "ChessBase"]
[SourceDate "2023.10.10"]
[SourceVersion "1"]
[SourceVersionDate "2023.10.10"]
[SourceQuality "1"]

1. Nf3 Nf6 2. c4 e6 3. Nc3 d5 4. d4 c5 5. cxd5 Nxd5 6. e4 Nxc3 7. bxc3 cxd4 8. cxd4 Bb4+ 9. Bd2 Bxd2+ 10. Qxd2 0-0 11. Rc1 b6 12. Bd3 Bb7 13. 0-0 Nd7 14. Qf4 Rc8 15. Rxc8 Qxc8 16. Rc1 Qb8 17. Qxb8 Rxb8 18. Rc7 Nf6 19. Ng5 h6 20. Nxf7 Ne8 21. Rd7 Rc8 22. Rxb7 Rc1+ 23. Bf1 Nf6 24. Nd6 Rd1 25. f3 Rxd4 26. Nb5 Rd1 27. Rxa7 Nh5 28. Kf2 Nf4 29. g3 Ng6 30. Rb7 Rd2+ 31. Ke3 Rxa2 32. Bc4 Rxh2 33. Bxe6+ 1-0

[Event "Titled Tuesday intern op 29th Aug Early"]
[Site "Chess.com INT"]
[Date "2023.08.29"]
[Round "7"]
[White "Nguyen, Ngoc Truong Son"]
[Black "Ibarra Jerez, Jose Carlos"]
[Result "1/2-1/2"]
[WhiteElo "2641"]
[BlackElo "2563"]
[PlyCount "95"]
[EventDate "2023.08.29"]
[EventType "swiss (blitz)"]
[EventRounds "11"]
[EventCountry "USA"]
[SourceTitle "EXT 2024"]
[Source "ChessBase"]
[SourceDate "2023.10.10"]
[SourceVersion "1"]
[SourceVersionDate "2023.10.10"]
[SourceQuality "1"]

1. d4 Nf6 2. c4 d6 3. Nf3 g6 4. Nc3 Bf5 5. h3 Ne4 6. Nxe4 Bxe4 7. Ng5 Bf5 8. e4 Bd7 9. h4 h6 10. Nf3 Bg7 11. Be2 c5 12. Be3 Nc6 13. d5 Ne5 14. Nxe5 Bxe5 15. Qd2 h5 16. 0-0 Bf6 17. g3 a6 18. Rab1 b5 19. b4 cxb4 20. Rxb4 a5 21. Rbb1 b4 22. c5 dxc5 23. Bxc5 0-0 24. Rfc1 Rc8 25. Qe3 Ba4 26. Bb6 Rxc1+ 27. Rxc1 Qa8 28. e5 Bg7 29. Bf3 Rc8 30. Rxc8+ Qxc8 31. Bxa5 Qc4 32. d6 exd6 33. exd6 Bd4 34. Qe2 Qc5 35. Bc7 Bd7 36. Kg2 Be6 37. Be4 Bf6 38. Bxg6 Bc4 39. Qxh5 Qc6+ 40. Kh2 fxg6 41. Qxg6+ Bg7 42. h5 Bf7 43. Qg4 Kh7 44. Qf5+ Kg8 45. Qc8+ Kh7 46. Qf5+ Kg8 47. Qg4 Kh7 48. Qf5+ 1/2-1/2

[Event "Titled Tuesday intern op 29th Aug Early"]
[Site "Chess.com INT"]
[Date "2023.08.29"]
[Round "2"]
[White "Nguyen, Ngoc Truong Son"]
[Black "Weishaeutel, Moritz"]
[Result "1-0"]
[WhiteElo "2641"]
[BlackElo "2427"]
[PlyCount "127"]
[EventDate "2023.08.29"]
[EventType "swiss (blitz)"]
[EventRounds "11"]
[EventCountry "USA"]
[SourceTitle "EXT 2024"]
[Source "ChessBase"]
[SourceDate "2023.10.10"]
[SourceVersion "1"]
[SourceVersionDate "2023.10.10"]
[SourceQuality "1"]

1. e4 e5 2. Nf3 Nf6 3. Nxe5 Nxe4 4. Qe2 Qe7 5. Qxe4 d6 6. d4 dxe5 7. dxe5 Nc6 8. Bb5 Bd7 9. Nc3 0-0-0 10. 0-0 Nxe5 11. Bf4 Ng6 12. Qf3 Nxf4 13. Qxf4 Qb4 14. Bxd7+ Rxd7 15. Qf5 Qxb2 16. Rad1 Bd6 17. Ne4 Qe5 18. Nxd6+ cxd6 19. Qf3 Re8 20. Rd3 Qa5 21. a3 Kb8 22. h4 Qa4 23. g3 Qxc2 24. Rfd1 Rde7 25. Kg2 Qe2 26. Qf4 Qe4+ 27. Qxe4 Rxe4 28. Rxd6 R8e7 29. h5 h6 30. Rd8+ Kc7 31. Rg8 f6 32. Rc1+ Kd7 33. Rcc8 R4e5 34. g4 f5 35. f3 fxg4 36. fxg4 Rg5 37. Kf3 Ra5 38. Rgd8+ Ke6 39. Rd3 Ra4 40. Kg3 Kf6 41. Rf3+ Ke6 42. Re3+ Kd7 43. Rec3 Re3+ 44. Rxe3 Kxc8 45. Re7 Rxa3+ 46. Kf4 Ra4+ 47. Kf3 a5 48. Rxg7 Ra1 49. g5 hxg5 50. h6 Rh1 51. h7 Kb8 52. Rg8+ Ka7 53. h8Q Rxh8 54. Rxh8 b5 55. Ke4 a4 56. Kd4 Kb6 57. Rg8 Ka5 58. Kc3 b4+ 59. Kc4 a3 60. Kb3 Kb5 61. Rxg5+ Kc6 62. Kxb4 a2 63. Ra5 a1Q 64. Rxa1 1-0

[Event "Titled Tuesday intern op 22nd Aug Late"]
[Site "Chess.com INT"]
[Date "2023.08.22"]
[Round "1"]
[White "Kovalevsky, Stanislav"]
[Black "Nguyen, Ngoc Truong Son"]
[Result "0-1"]
[WhiteElo "2163"]
[BlackElo "2641"]
[PlyCount "88"]
[EventDate "2023.08.22"]
[EventType "swiss (blitz)"]
[EventRounds "11"]
[EventCountry "USA"]
[SourceTitle "EXT 2024"]
[Source "ChessBase"]
[SourceDate "2023.10.10"]
[SourceVersion "1"]
[SourceVersionDate "2023.10.10"]
[SourceQuality "1"]

1. c4 g6 2. Nc3 Bg7 3. g3 e5 4. Bg2 f5 5. d3 Nf6 6. e4 0-0 7. Bg5 d6 8. Qd2 Nc6 9. Nge2 Nd4 10. Nxd4 exd4 11. Nd5 fxe4 12. dxe4 c6 13. Nxf6+ Bxf6 14. Bxf6 Qxf6 15. 0-0 Be6 16. b3 Rae8 17. f4 c5 18. Rae1 b6 19. e5 dxe5 20. Rxe5 Bf7 21. Rfe1 Rxe5 22. Rxe5 Re8 23. Qe2 Rxe5 24. fxe5 Qe7 25. Bd5 Be6 26. Qg4 Bxd5 27. Qc8+ Kg7 28. cxd5 Qxe5 29. Qd7+ Kf6 30. d6 Qe1+ 31. Kg2 Qe2+ 32. Kg1 d3 33. Qd8+ Kg7 34. Qc7+ Kh6 35. d7 d2 36. d8Q d1R+ 37. Qxd1 Qxd1+ 38. Kg2 Qe2+ 39. Kh3 Qf1+ 40. Kh4 Qf2 41. Kh3 b5 42. Qd8 Qf1+ 43. Kh4 Qf5 44. Qd2+ g5+ 0-1

[Event "Titled Tuesday intern op 08th Aug Late"]
[Site "Chess.com INT"]
[Date "2023.08.08"]
[Round "5"]
[White "Nguyen, Ngoc Truong Son"]
[Black "Matinian, Nikita"]
[Result "1-0"]
[WhiteElo "2641"]
[BlackElo "2421"]
[PlyCount "63"]
[EventDate "2023.08.08"]
[EventType "swiss (blitz)"]
[EventRounds "11"]
[EventCountry "USA"]
[SourceTitle "EXT 2024"]
[Source "ChessBase"]
[SourceDate "2023.10.10"]
[SourceVersion "1"]
[SourceVersionDate "2023.10.10"]
[SourceQuality "1"]

1. d4 Nf6 2. c4 g6 3. Nc3 Bg7 4. e4 d6 5. f4 0-0 6. Nf3 Bg4 7. Be3 Nfd7 8. h3 Bxf3 9. Qxf3 c5 10. d5 Na6 11. h4 Qa5 12. Bd2 Nb4 13. Rc1 f5 14. a3 Na6 15. h5 Qb6 16. Nb5 Nc7 17. hxg6 Nxb5 18. cxb5 hxg6 19. g4 c4 20. gxf5 Qxb5 21. Qh3 Nf6 22. Bc3 gxf5 23. Qxf5 Qd7 24. Bh3 Qxf5 25. Bxf5 Kf7 26. e5 Nxd5 27. e6+ Kg8 28. Bh7+ Kh8 29. Be4+ Kg8 30. Bxd5 Bxc3+ 31. Rxc3 Rxf4 32. Rg3+ 1-0

[Event "Titled Tuesday intern op 08th Aug Late"]
[Site "Chess.com INT"]
[Date "2023.08.08"]
[Round "11"]
[White "Nguyen, Ngoc Truong Son"]
[Black "Paravyan, David"]
[Result "0-1"]
[WhiteElo "2641"]
[BlackElo "2597"]
[PlyCount "104"]
[EventDate "2023.08.08"]
[EventType "swiss (blitz)"]
[EventRounds "11"]
[EventCountry "USA"]
[SourceTitle "EXT 2024"]
[Source "ChessBase"]
[SourceDate "2023.10.10"]
[SourceVersion "1"]
[SourceVersionDate "2023.10.10"]
[SourceQuality "1"]

1. d4 d5 2. c4 e6 3. Nc3 Nf6 4. cxd5 Nxd5 5. e4 Nxc3 6. bxc3 c5 7. Nf3 cxd4 8. cxd4 Bb4+ 9. Bd2 Bxd2+ 10. Qxd2 0-0 11. Bc4 Nd7 12. 0-0 b6 13. d5 Nf6 14. Rfe1 exd5 15. exd5 Bb7 16. Rad1 b5 17. Bxb5 Qxd5 18. Qxd5 Bxd5 19. Nd4 Bxa2 20. Ra1 Bd5 21. Ra5 g6 22. Bc6 Rad8 23. Bxd5 Rxd5 24. Rxd5 Nxd5 25. Ra1 Ra8 26. Nc6 a6 27. h4 Kf8 28. h5 gxh5 29. Ra5 Nf6 30. Nb4 Rb8 31. Nxa6 Rb1+ 32. Kh2 Kg7 33. Nc5 Ng4+ 34. Kg3 Rb2 35. Ne4 Re2 36. f3 Ne3 37. Rxh5 Rxg2+ 38. Kf4 Nc2 39. Ng3 Nd4 40. Re5 Ne6+ 41. Kg4 Kg6 42. f4 h5+ 43. Kf3 Ra2 44. Nxh5 Nd4+ 45. Ke4 Nf5 46. Kf3 Ra3+ 47. Kg4 Ne3+ 48. Kh4 Ng2+ 49. Kg4 f5+ 50. Rxf5 Ne3+ 51. Kh4 Nxf5+ 52. Kg4 Nh6+ 0-1

[Event "Titled Tuesday intern op 01st Aug Early"]
[Site "Chess.com INT"]
[Date "2023.08.01"]
[Round "5"]
[White "Nguyen, Ngoc Truong Son"]
[Black "Andreikin, Dmitry"]
[Result "0-1"]
[WhiteElo "2641"]
[BlackElo "2729"]
[PlyCount "60"]
[EventDate "2023.08.01"]
[EventType "swiss (blitz)"]
[EventRounds "11"]
[EventCountry "USA"]
[SourceTitle "EXT 2024"]
[Source "ChessBase"]
[SourceDate "2023.10.10"]
[SourceVersion "1"]
[SourceVersionDate "2023.10.10"]
[SourceQuality "1"]

1. d4 Nf6 2. c4 e6 3. Nc3 Bb4 4. Nf3 b6 5. Bd2 Bb7 6. g3 c5 7. Nb5 0-0 8. Bg2 Ne4 9. Bxb4 cxb4 10. Nd2 Nc3 11. bxc3 Bxg2 12. Rg1 bxc3 13. Nxc3 Bb7 14. f3 Nc6 15. e3 Rc8 16. Rc1 Na5 17. Nb5 Qg5 18. f4 Qh6 19. Qe2 Ba6 20. a4 d5 21. h4 dxc4 22. Kf2 Bxb5 23. axb5 Rc7 24. Rc2 Rfc8 25. Rgc1 Qg6 26. Rc3 Qf5 27. Rb1 Nb3 28. Nxb3 Qxb1 29. Nd2 Qxb5 30. e4 Qb2 0-1

[Event "Titled Tuesday intern op 01st Aug Early"]
[Site "Chess.com INT"]
[Date "2023.08.01"]
[Round "6"]
[White "Weetik, Vjacheslav"]
[Black "Nguyen, Ngoc Truong Son"]
[Result "1/2-1/2"]
[WhiteElo "2423"]
[BlackElo "2641"]
[PlyCount "110"]
[EventDate "2023.08.01"]
[EventType "swiss (blitz)"]
[EventRounds "11"]
[EventCountry "USA"]
[SourceTitle "EXT 2024"]
[Source "ChessBase"]
[SourceDate "2023.10.10"]
[SourceVersion "1"]
[SourceVersionDate "2023.10.10"]
[SourceQuality "1"]

1. d4 g6 2. e4 Bg7 3. Nc3 d6 4. g3 Nc6 5. d5 Ne5 6. h3 c6 7. Bg2 Nf6 8. Nge2 h5 9. f4 Ned7 10. dxc6 bxc6 11. 0-0 Rb8 12. b3 Nc5 13. e5 Nd5 14. Nxd5 cxd5 15. Bb2 0-0 16. Kh2 e6 17. Nd4 Bb7 18. exd6 h4 19. Qe1 hxg3+ 20. Qxg3 Qxd6 21. Nb5 Qe7 22. Bxg7 Kxg7 23. Nd4 Qf6 24. c3 Ne4 25. Bxe4 dxe4 26. f5 exf5 27. Rxf5 Qe7 28. Raf1 Bc8 29. Rxf7+ Rxf7 30. Rxf7+ Qxf7 31. Qxb8 Qf2+ 32. Kh1 Qf1+ 33. Kh2 Qxh3+ 34. Kg1 Qe3+ 35. Kh2 Qf2+ 36. Kh1 Bg4 37. Qe5+ Kh6 38. Qh2+ Qxh2+ 39. Kxh2 Kg5 40. Kg3 Bd7 41. c4 Bg4 42. c5 e3 43. c6 e2 44. Kf2 Kf4 45. Nxe2+ Ke5 46. b4 a6 47. a4 Kd5 48. b5 axb5 49. axb5 Kc5 50. Nd4 Bc8 51. Ke3 g5 52. Kd3 g4 53. Ke3 g3 54. Ne2 Kxb5 55. Nxg3 Kxc6 1/2-1/2

[Event "Titled Tuesday intern op 25th Jul Late"]
[Site "Chess.com INT"]
[Date "2023.07.25"]
[Round "5"]
[White "Bortnyk, Olexandr"]
[Black "Nguyen, Ngoc Truong Son"]
[Result "1-0"]
[WhiteElo "2607"]
[BlackElo "2645"]
[PlyCount "109"]
[EventDate "2023.07.25"]
[EventType "swiss (blitz)"]
[EventRounds "11"]
[EventCountry "USA"]
[SourceTitle "EXT 2024"]
[Source "ChessBase"]
[SourceDate "2023.10.10"]
[SourceVersion "1"]
[SourceVersionDate "2023.10.10"]
[SourceQuality "1"]

1. e4 e5 2. Bc4 Nf6 3. d3 c6 4. Nf3 d5 5. Bb3 Bb4+ 6. Bd2 Bd6 7. Nc3 d4 8. Ne2 h6 9. 0-0 c5 10. h3 Nc6 11. c3 0-0 12. cxd4 cxd4 13. Rc1 Qe7 14. Ng3 Be6 15. Nh4 Rfd8 16. Ngf5 Qe8 17. Qf3 Bxb3 18. Bxh6 Bf8 19. Bxg7 Bxg7 20. axb3 Qf8 21. Qg3 Kh7 22. Qg5 Ng8 23. f4 Bh6 24. Qh5 Nf6 25. Qxh6+ Qxh6 26. Nxh6 Kxh6 27. fxe5 Nd7 28. Rxf7 Ncxe5 29. Re7 Rf8 30. Rc7 Rad8 31. Nf5+ Kg5 32. Nxd4 Rc8 33. Rexd7 Nxd7 34. Rxd7 Kf6 35. Rxb7 Rfd8 36. Nf3 Rxd3 37. e5+ Kf5 38. Rxa7 Rc2 39. Rf7+ Ke6 40. Rf6+ Ke7 41. h4 Rxb3 42. h5 Rbxb2 43. Rg6 Rc1+ 44. Kh2 Rc3 45. Kg3 Rcc2 46. Kh3 Rc1 47. g4 Rh1+ 48. Kg3 Rb3 49. Rf6 Rg1+ 50. Kh4 Rf1 51. Nd4 Rh1+ 52. Kg5 Rd3 53. Nf5+ Ke8 54. h6 Rd7 55. e6 1-0